| 000 | 00853nam a2200217Ii 4500 | ||
|---|---|---|---|
| 003 | JO-AjNU | ||
| 008 | 230605s9999||||xx |||||||||||||| ||und|| | ||
| 017 | _a1982/4371 | ||
| 040 |
_aJO-AjNU _bara _erda _cJO-AjNU |
||
| 041 | _aara | ||
| 050 | 1 | 4 | _aK1530.1982 |
| 100 | 3 |
_a الحاج ، محمد عبدالقادر على , _eauthor _947152 |
|
| 245 | 0 | 0 | _aمسئولية المنتج والموزع : دراسة فى قانون التجارة الدولية مع المقارنة بالفقة الإسلامي |
| 250 | _a(د،ط) | ||
| 264 | 3 | 1 | _aالقاهرة : دار النهضة العربية ، 1982 |
| 300 | _a399ص | ||
| 336 |
_atext _btxt _2rdacontent |
||
| 337 |
_aunmediated _bn _2rdamedia |
||
| 338 |
_avolume _bnc _2rdacarrier |
||
| 650 | 4 |
_aالتجارة الدولية -العلاقات الاقتصادية الدولية _947153 |
|
| 999 |
_aA20563 _c24131 _d24131 |
||